Letter Homophones Click Quiz - Statistics

General Stats
  • This quiz has been taken 36 times
  • The average score is 19 of 19
Answer Stats
Hint Answer % Correct
R are
100%
B be
100%
D Dee
100%
W double you
100%
E Eeeee!
100%
L Elle
100%
M Em
100%
X ex
100%
I eye
100%
G gee
100%
J Jay
100%
O oh
100%
P pea
100%
Q queue
100%
T tea
100%
Y why
100%
U you
100%
C see
94%
K Kay
91%
No matching quizzes found
Score Distribution
Percent of People with Each Score
Percentile by Number Answered
Your Score History
You have not taken this quiz